000 00561nam a2200193Ia 4500
999 _c22744
_d22744
003 OSt
005 20200214094432.0
008 190216s9999||||xx |||||||||||||| ||und||
020 _a9788182710931
040 _coclc
082 _a297
_bKAR/V
100 _a Karakunnu, Sheikh Mohammed
_91839
245 0 _aVimochanathinte Patha /
_cSheikh Mohammed Karakunnu
250 _a3rd ed.
260 _bIslamic Publishing House,
_aKozhikode:
_c2005.
300 _a94p
650 _aIslamic History
942 _cBK
_2ddc
_h297
_iKAR/V
_k297
_mKAR/V